| 000 | 00564nam a2200217 i 4500 | ||
|---|---|---|---|
| 001 | bg | ||
| 100 | 1 | _aDZIEDZIUL, Karol | |
| 245 | 1 | 0 |
_aPudełkowe funkcje gięte / _cKarol Dziedziul. |
| 260 |
_aGdańsk : _bWydaw. Politechniki Gdańskiej, _c1997. |
||
| 300 |
_a110 s. : _bwykr. ; _c24 cm. |
||
| 504 | _aBibliogr. s. 108-119. - Indeks. | ||
| 650 | 9 | _aFunkcje | |
| 650 | 9 | _aAproksymacja | |
| 020 | _a8386537647 | ||
| 040 | _cBPK | ||
| 041 | 0 | _apl | |
| 080 | _a517.5 | ||
| 920 | _a83-86537-64-7 | ||
| 942 | _cKS | ||
| 008 | s pl f |000 0 pol | ||
| 999 |
_c33161 _d33161 |
||
| 856 |
_uhttp://koha.tu.koszalin.pl/cgi-bin/koha/opac-detail.pl?biblionumber=33161 _yKatalog online BPK |
||